Munka és magánélet közötti egyensúly megteremtésére való törekvés pályakezdő nők körében

Bibliographic Details
Main Author: Páhi Anett
Other Authors: Faragóné Lepp Katalin
Gál Gyöngyi
Format: Thesis
Kulcsszavak:Nők a munkaerőpiacon
Család vagy karrier
Női vezetői tulajdonságok
Online Access:http://dolgozattar.uni-bge.hu/19704

MARC

LEADER 00000nta a2200000 i 4500
001 dolg19704
005 20181217114902.0
008 181217suuuu hu om 000 hun d
040 |a BGE Dolgozattár Repozitórium  |b hun 
041 |a hu 
100 1 |a Páhi Anett 
245 1 0 |a Munka és magánélet közötti egyensúly megteremtésére való törekvés pályakezdő nők körében  |c Páhi Anett  |h [elektronikus dokumentum] 
695 |a Nők a munkaerőpiacon 
695 |a Család vagy karrier 
695 |a Női vezetői tulajdonságok 
700 1 |a Faragóné Lepp Katalin  |e ths 
700 1 |a Gál Gyöngyi  |e ths 
856 4 0 |u http://dolgozattar.uni-bge.hu/19704/1/P%C3%A1hi%20Anett%20szakdolgozat.pdf  |z Dokumentum-elérés